Statistics for Will Poulter Filmography

Click here to take the quiz!

General Stats

  • This quiz has been taken 29 times
    (5 since last reset)
  • The average score is 10 of 38

Answer Stats

TypeYearName% Correct
Film2023Guardians of the Galaxy Vol. 3
100%
Film2014The Maze Runner
100%
Film2018Black Mirror: Bandersnatch
75%
Film2018Maze Runner: The Death Cure
75%
Film2015The Revenant
75%
Film2013We're the Millers
75%
Film2017Detroit
50%
Film2019Midsommar
50%
Film2007Son of Rambow
50%
Film2010The Chronicles of Narnia: The Voyage of the Dawn Treader
50%
Web Mini-Series2021Dopesick
25%
Film2014Glassland
25%
Film2016Kids in Love
25%
FilmTBAOn Swift Horses
25%
Web Series2023The Bear
25%
Video Game2020The Dark Pictures: Little Hope
25%
Film2018The Little Stranger
25%
Film2021The Score
25%
Film2017War Machine
25%
Web Mini-Series2022Why Didn't They Ask Evans?
25%
Film2012Wild Bill
25%
Short Film2015A Plea for Grimsby
0%
Short Film2019Bainne
0%
TV Show2024Big Zuu's 12 Dishes in 12 Hours
0%
TV Show2008Comedy Lab
0%
TV Show2007Comedy: Shuffle
0%
FilmTBADeath on a Unicorn
0%
Short Film2016Go
0%
Commercial2023Greenpeace
0%
TV Show2022Jeopardy!
0%
TV Show2008Lead Balloon
0%
Documentary Series2018MisFITS Like Us
0%
Film2014Plastic
0%
TV Show2009-2010School of Comedy
0%
Music Video2013Skip to the Good Bit
0%
TV Mini-Series2010The Fades
0%
Web Series2021The Underground Railroad
0%
Short Film2021Twelve Nights
0%

Score Distribution

Percentile by Number Answered

Percent of People with Each Score

Your Score History

You have not taken this quiz since the last reset